Don't take liberties (Record no. 73509)
[ view plain ]
| 000 -LEADER | |
|---|---|
| fixed length control field | 00954cam a2200241 4500 |
| 001 - CONTROL NUMBER | |
| control field | ABS67090 |
| 008 - FIXED-LENGTH DATA ELEMENTS--GENERAL INFORMATION | |
| fixed length control field | 030930n2003 000 0 eng u |
| 035 ## - SYSTEM CONTROL NUMBER | |
| System control number | (Sirsi) u123787 |
| 100 ## - MAIN ENTRY--PERSONAL NAME | |
| Personal name | Murdoch, J. |
| 245 ## - TITLE STATEMENT | |
| Title | Don't take liberties |
| 260 ## - PUBLICATION, DISTRIBUTION, ETC. | |
| Date of publication, distribution, etc. | 2003 |
| 490 ## - SERIES STATEMENT | |
| Series statement | Estates Gazette |
| Volume/sequential designation | (0339) 27 September 2003, 116(1) |
| 520 ## - SUMMARY, ETC. | |
| Summary, etc. | Discusses "Tomlinson v Congleton BC " ([2003] UKHL 47, Abs67008), in which the HL in overturning the CA decision (WB3812-13) held that an occupier is under no duty to protect trespassers against the ordinary and obvious dangers involved in swimming in a lake. Trespassers are deemed to be responsible for their own foolhardy actions. |
| 590 ## - LOCAL NOTE (RLIN) | |
| Local note | ABS |
| 650 ## - SUBJECT ADDED ENTRY--TOPICAL TERM | |
| Topical term or geographic name entry element | TOMLINSON V CONGLETON BC |
| 650 ## - SUBJECT ADDED ENTRY--TOPICAL TERM | |
| Topical term or geographic name entry element | DUTY OF CARE |
| 650 ## - SUBJECT ADDED ENTRY--TOPICAL TERM | |
| Topical term or geographic name entry element | OCCUPIERS LIABILITY ACT 1984 |
| 650 ## - SUBJECT ADDED ENTRY--TOPICAL TERM | |
| Topical term or geographic name entry element | COUNTRYSIDE ACCESS |
| 650 ## - SUBJECT ADDED ENTRY--TOPICAL TERM | |
| Topical term or geographic name entry element | TRESPASS |
| 650 ## - SUBJECT ADDED ENTRY--TOPICAL TERM | |
| Topical term or geographic name entry element | COUNTRYSIDE AND RIGHTS OF WAY ACT 2000 |
| 690 ## - LOCAL SUBJECT ADDED ENTRY--TOPICAL TERM (OCLC, RLIN) | |
| Topical term or geographic name as entry element | LAW-UK |
| 942 ## - ADDED ENTRY ELEMENTS (KOHA) | |
| Suppress in OPAC | 0 |
| Withdrawn status | Lost status | Source of classification or shelving scheme | Damaged status | Not for loan | Home library | Current library | Shelving location | Date acquired | Total Checkouts | Full call number | Barcode | Date last seen | Copy number | Price effective from | Koha item type |
|---|---|---|---|---|---|---|---|---|---|---|---|---|---|---|---|
| Dewey Decimal Classification | London | London | Journal article | 30/09/2003 | ABS67090 | 123787-1001 | 06/08/2019 | 1 | 06/08/2019 | Journal article |